[Event "GER-ch U25 op-B"]
[Site "Willingen"]
[Date "2024.05.25"]
[Round "9"]
[White "Hierl, Andreas"]
[Black "Meyer, Henry Paul"]
[Result "1-0"]
[WhiteElo "1713"]
[BlackElo "1718"]
[PlyCount "31"]
[EventDate "2024.05.19"]
[EventType "swiss"]
[EventRounds "9"]
[EventCountry "GER"]
[SourceTitle "EXT 2025"]
[Source "ChessBase"]
[SourceDate "2024.10.14"]
[SourceVersion "1"]
[SourceVersionDate "2024.10.14"]
[SourceQuality "1"]

1. e4 c5 2. Nc3 d6 3. f4 g6 4. Nf3 Nc6 5. Bb5 Bd7 6. Bc4 Bg7 7. 0-0 e6 8. d3 Nge7 9. Qe1 0-0 10. f5 exf5 11. Qh4 Ne5 12. Nxe5 Bxe5 13. Bg5 Bxc3 14. bxc3 Re8 15. Qh6 f4 16. Rxf4 1-0

[Event "GER-ch U25 op-B"]
[Site "Willingen"]
[Date "2024.05.23"]
[Round "7"]
[White "Grunert, Greta"]
[Black "Meyer, Henry Paul"]
[Result "0-1"]
[WhiteElo "1590"]
[BlackElo "1718"]
[PlyCount "92"]
[EventDate "2024.05.19"]
[EventType "swiss"]
[EventRounds "9"]
[EventCountry "GER"]
[SourceTitle "EXT 2025"]
[Source "ChessBase"]
[SourceDate "2024.10.14"]
[SourceVersion "1"]
[SourceVersionDate "2024.10.14"]
[SourceQuality "1"]

1. e4 c5 2. Nc3 d6 3. f4 g6 4. Bb5+ Nc6 5. Bxc6+ bxc6 6. Nf3 Bg7 7. 0-0 d5 8. e5 e6 9. Na4 Qa5 10. b3 Ne7 11. Ba3 Ba6 12. d3 Bb5 13. c4 Bxa4 14. bxa4 Nf5 15. Qb3 0-0 16. Rfb1 Rfb8 17. Qxb8+ Rxb8 18. Rxb8+ Bf8 19. Rab1 Kg7 20. cxd5 cxd5 21. d4 Be7 22. dxc5 Bxc5+ 23. Bxc5 Qxc5+ 24. Kh1 Qa3 25. R8b4 Qxa2 26. g4 Qf2 27. gxf5 Qxf3+ 28. Kg1 gxf5 29. R1b3 Qd1+ 30. Kf2 Qc2+ 31. Kg1 Kh6 32. Rh3+ Kg6 33. Rbb3 Qc1+ 34. Kg2 Qd2+ 35. Kg1 h5 36. Rb8 Qxf4 37. Rg3+ Kh7 38. Rgg8 Qxe5 39. Kg2 d4 40. Rbd8 d3 41. Rg5 Qe2+ 42. Kg3 d2 43. Rgg8 Qe5+ 44. Kh3 d1Q 45. Rdf8 Qf1+ 46. Kh4 Qef4+ 0-1

[Event "GER-ch U25 op-B"]
[Site "Willingen"]
[Date "2024.05.19"]
[Round "2"]
[White "Borgert, Alexander"]
[Black "Meyer, Henry Paul"]
[Result "1/2-1/2"]
[WhiteElo "1683"]
[BlackElo "1718"]
[PlyCount "62"]
[EventDate "2024.05.19"]
[EventType "swiss"]
[EventRounds "9"]
[EventCountry "GER"]
[SourceTitle "EXT 2025"]
[Source "ChessBase"]
[SourceDate "2024.10.14"]
[SourceVersion "1"]
[SourceVersionDate "2024.10.14"]
[SourceQuality "1"]

1. d4 Nf6 2. c4 c5 3. d5 e6 4. Nc3 exd5 5. cxd5 d6 6. Nf3 g6 7. Bf4 a6 8. a4 Bg7 9. Qd2 0-0 10. Bh6 Re8 11. Bxg7 Kxg7 12. e3 Bg4 13. Be2 Nbd7 14. h3 Bxf3 15. gxf3 Rb8 16. a5 Qe7 17. Ra4 h6 18. Rg1 Nf8 19. Qc2 Qd7 20. Bf1 b5 21. axb6 Rxb6 22. Rxa6 Rxa6 23. Bxa6 Qxh3 24. Rg3 Qh1+ 25. Bf1 Ra8 26. Qc1 Qh5 27. Qd1 N8d7 28. f4 Qxd1+ 29. Kxd1 Nb6 30. Bg2 Na4 31. Kc2 Nxc3 1/2-1/2